EU Climate and Energy Security after 24 February 2022
Pred rokom 2022 koncepcie EÚ v oblasti klímy a energetickej bezpečnosti sa začala zbližovať v „účinnej synergii“, ktorá podporovala pokračujúce pokusy Únie o vedúce postavenie v medzinárodnej klimatickej politike. Tento dokument tvrdí, že ortodoxnejší problém vojenskej bezpečnosti, ktorý predstavuje...
Salvato in:
| Autore principale: | |
|---|---|
| Natura: | Capitolo di libro |
| Lingua: | inglese |
| Soggetti: | |
| Tags: |
Nessun Tag, puoi essere il primo ad aggiungerne!!
|
MARC
| LEADER | 00000naa a2200000 4500 | ||
|---|---|---|---|
| 001 | 0297198 | ||
| 005 | 20240509100957.6 | ||
| 041 | 0 | |a eng | |
| 044 | |a CZ | ||
| 245 | 1 | 0 | |a EU Climate and Energy Security after 24 February 2022 |c John Vogler |
| 520 | |a Pred rokom 2022 koncepcie EÚ v oblasti klímy a energetickej bezpečnosti sa začala zbližovať v „účinnej synergii“, ktorá podporovala pokračujúce pokusy Únie o vedúce postavenie v medzinárodnej klimatickej politike. Tento dokument tvrdí, že ortodoxnejší problém vojenskej bezpečnosti, ktorý predstavuje ruská invázia na Ukrajinu spolu s extrémnymi poveternostnými udalosťami v rovnakom období, zásadne zmenil bezprostrednosť aj umiestnenie vnímaných hrozieb. Reakcie Únie boli dramatické, pokiaľ ide o zmenu orientácie zavedených energetických a bezpečnostných politík. Ukončenie závislosti od ruského plynu poskytuje šancu urýchliť dosiahnutie Európskej zelenej dohody a „Fit for 55“, ale zahŕňa aj okamžité hľadanie alternatívnych dodávok plynu. Nevyriešenou otázkou je, či Únia môže využiť túto príležitosť na posilnenie svojej klimatickej bezpečnosti a vedúceho postavenia v politike a nie na rozptýlenie. | ||
| 610 | 2 | 0 | |a Európska únia |
| 610 | 2 | 0 | |a bezpečnosť |
| 610 | 2 | 0 | |a energetika |
| 610 | 2 | 0 | |a vedenie |
| 100 | 1 | |a Vogler, John | |